The hidden sea / Liz Flanagan ; illustrated by Joe ... Read More
Available copies
- 0 of 2 copies available at LARL/NWRL Consortium.
- 0 of 2 copies available at Lake Agassiz Regional Library. (Show preferred library)
Current holds
0 current holds with 2 total copies.
Show Only Available Copies
| Location | Call Number / Copy Notes | Barcode | Shelving Location | Status | Due Date |
|---|---|---|---|---|---|
| Crookston Public Library | J FLA (Text) | 33500014308605 | New | Checked out | 07/16/2026 |
| Detroit Lakes Public Library | J FLA (Text) | 33500014308613 | New | Checked out | 07/13/2026 |
Record details
- ISBN: 9781454957584
- ISBN: 1454957581
- Physical Description: pages cm
- Publisher: New York : Union Square & Co, 2025.
- Copyright: ©2024
Content descriptions
| Summary, etc.: | Far from home, Rowan, Mouse, and the Pegasus foal ... Read More |
| Target Audience Note: | Ages 8-12 Union Square & Co. Grades 4-6 Union Square & Co. |
Search for related items by subject
| Genre: | Fantasy fiction. |
Search for related items by series
| LDR | 03334cam a22006978i 4500 | ||
|---|---|---|---|
| 001 | 467899 | ||
| 003 | LARL_NWRL_CONSORTIUM | ||
| 005 | 20251204145929.0 | ||
| 008 | 250902t20252024nyu c 000 1 eng | ||
| 007 | t| | ||
| 010 | . | ‡a 2025028528 | |
| 040 | . | ‡aDLC ‡beng ‡erda ‡cDLC ‡dIG# ‡dOCLCO ‡dTOH ‡dOCLCO | |
| 020 | . | ‡a9781454957584 ‡qpaperback | |
| 020 | . | ‡a1454957581 | |
| 020 | . | ‡z9781454957591 ‡qebook | |
| 035 | . | ‡a(OCoLC)1506135075 | |
| 042 | . | ‡apcc | |
| 084 | . | ‡aJUV037000 ‡2bisacsh | |
| 084 | . | ‡aJUV013090 ‡2bisacsh | |
| 100 | 1 | . | ‡aFlanagan, Liz ‡eauthor ‡4aut ‡4http://id.loc.gov/vocabulary/relators/aut ‡1http://id.loc.gov/rwo/agents/nb2012020704. |
| 245 | 1 | 4. | ‡aThe hidden sea / ‡cLiz Flanagan ; illustrated by Joe Todd-Stanton. |
| 264 | 1. | ‡aNew York : ‡bUnion Square & Co, ‡c2025. | |
| 264 | 4. | ‡c©2024 | |
| 300 | . | ‡apages cm | |
| 334 | . | ‡asingle unit ‡bmono ‡0http://id.loc.gov/vocabulary/issuance/mono | |
| 336 | . | ‡atext ‡btxt ‡2rdacontent ‡0http://id.loc.gov/vocabulary/contentTypes/txt | |
| 336 | . | ‡astill image ‡bsti ‡2rdacontent ‡0http://id.loc.gov/vocabulary/contentTypes/sti | |
| 337 | . | ‡aunmediated ‡bn ‡2rdamedia ‡0http://id.loc.gov/vocabulary/mediaTypes/n | |
| 338 | . | ‡avolume ‡bnc ‡2rdacarrier ‡0http://id.loc.gov/vocabulary/carriers/nc | |
| 385 | . | ‡mAge group ‡nage ‡aPreteens ‡2lcdgt ‡0http://id.loc.gov/authorities/demographicTerms/dg2015060394 | |
| 490 | 0 | . | ‡aWildsmith ; ‡v3 |
| 520 | . | ‡aFar from home, Rowan, Mouse, and the Pegasus foal she fostered must seek refuge on an island to protect the winged horse from relentless poachers. | |
| 521 | . | ‡aAges 8-12 ‡bUnion Square & Co. | |
| 521 | . | ‡aGrades 4-6 ‡bUnion Square & Co. | |
| 650 | 0. | ‡aMagic ‡vFiction. ‡0(LARL_NWRL_CONSORTIUM)165984 | |
| 650 | 0. | ‡aHuman-animal communication ‡vFiction. ‡0(LARL_NWRL_CONSORTIUM)165692 | |
| 650 | 0. | ‡aWinged horses ‡vFiction. | |
| 650 | 0. | ‡aFriendship ‡vFiction. ‡0(LARL_NWRL_CONSORTIUM)164944 | |
| 650 | 1. | ‡aMagic ‡vFiction. ‡0(LARL_NWRL_CONSORTIUM)165984 | |
| 650 | 1. | ‡aHuman-animal communication ‡vFiction. ‡0(LARL_NWRL_CONSORTIUM)165692 | |
| 650 | 1. | ‡aWinged horses. | |
| 650 | 1. | ‡aMythical animals. ‡0(LARL_NWRL_CONSORTIUM)177597 | |
| 650 | 1. | ‡aFriendship ‡vFiction. ‡0(LARL_NWRL_CONSORTIUM)164944 | |
| 650 | 1. | ‡aFantasy. ‡0(LARL_NWRL_CONSORTIUM)19981 | |
| 650 | 7. | ‡aJUVENILE FICTION / Fantasy & Magic. ‡2bisacsh | |
| 650 | 7. | ‡aJUVENILE FICTION / Family / Alternative Family. ‡2bisacsh | |
| 655 | 7. | ‡aFantasy fiction. ‡2lcgft | |
| 700 | 1 | . | ‡aTodd-Stanton, Joe ‡eillustrator ‡4http://id.loc.gov/vocabulary/relators/ill ‡1http://id.loc.gov/rwo/agents/no2015152134. |
| 758 | . | ‡1http://id.loc.gov/resources/instances/in00024314165 | |
| 758 | . | ‡4http://id.loc.gov/ontologies/bibframe/instanceOf ‡1http://id.loc.gov/resources/works/in00024314165 | |
| 884 | . | ‡aDLC bibframe2marc v3.0-dev ‡g20250902 ‡qDLC ‡uhttps://github.com/lcnetdev/bibframe2marc/tree/v3.0-dev | |
| 901 | . | ‡a467899 ‡bOCoLC ‡c467899 ‡tbiblio ‡soclc | |

Add to basket
Permalink
Disable Highlighting